00477nam a2200133Ia 4500008004100000245011800041260004900159260000900208300001000217500000900227650001600236999001900252952007200271170224s9999 xx 000 0 und d aHoney, I got fired! A longitudinal dyadic analysis of the effect of unemployment on life satisfaction in couples. bJournal of Personality and Social Psychology c2014 a107:1 aJuly xPsychology. c316511d316511 001040aCLbCLd2017-02-24l0r2017-02-24 00:00:00w2017-02-24ySE